LEADER 01008cam a2200265 a 4500 001 991000491739707536 008 100107s1991 it ||0 | ita 020 $a8885943551 035 $ab13865250-39ule_inst 040 $aDip.to Studi Storici$bita 082 04$a909.04924082 100 1 $aYehoshua, Abraham B.$0443383 245 10$aElogio della normalità :$bsaggi sulla diaspora e Israele /$cA. B. Yehoshua ; traduzione dall'ebraico di Alessandro Guetta 250 $a2. ed. 260 $aFirenze :$bGiuntina,$c2004 300 $aXV, 154 p. ;$c19 cm. 440 0$aCollana Schulim Vogelmann ;$v25 500 $aTit. orig. : Bizkhut hanormaliuth 700 1 $aGuetta, Alessandro 907 $a.b13865250$b02-04-14$c15-12-09 912 $a991000491739707536 945 $aLE023 909.049 YEH 1 1 $g1$i2023000115909$lle023$o-$pE12.00$q-$rl$s- $t0$u7$v0$w7$x0$y.i15048536$z15-12-09 996 $aElogio della normalità$9231687 997 $aUNISALENTO 998 $ale023$b15-12-09$cm$da $e-$fita$git $h0$i0 LEADER 03181nam 2200673 450 001 9910829970903321 005 20240219150713.0 010 $a1-118-31011-X 010 $a1-283-94129-5 010 $a1-118-31010-1 024 7 $a10.1002/9781118310144 035 $a(CKB)2670000000262507 035 $a(EBL)861781 035 $a(SSID)ssj0000722620 035 $a(PQKBManifestationID)11401057 035 $a(PQKBTitleCode)TC0000722620 035 $a(PQKBWorkID)10698832 035 $a(PQKB)10425286 035 $a(MiAaPQ)EBC861781 035 $a(CaBNVSL)mat06331042 035 $a(IDAMS)0b0000648193dda7 035 $a(IEEE)6331042 035 $a(OCoLC)812066602 035 $a(EXLCZ)992670000000262507 100 $a20151222d2012 uy 101 0 $aeng 135 $aur|n|---||||| 181 $ctxt 182 $cc 183 $acr 200 10$aFrequency stability $eintroduction and applications /$fVe?nceslav F. Kroupa 210 1$aPiscataway, New Jersey :$cIEEE Press,$dc2012 210 2$a[Piscataqay, New Jersey] :$cIEEE Xplore,$d[2012] 215 $a1 online resource (332 p.) 225 1 $aIEEE series on digital & mobile communication ;$v34 225 1 $aIEEE Press series on digital and mobile communication ;$v15 300 $aDescription based upon print version of record. 311 $a1-118-31014-4 311 $a1-118-15912-8 320 $aIncludes bibliographical references and index. 327 $aNoise and Frequency Stability -- Noise in Resonators and Oscillators -- Noise Properties of Practical Oscillators -- Noise of Building Elements -- Time Domain Measurements -- Phase-Locked Loops. 330 $a"For wireless communication engineers, it is important to have solid fundamental knowledge of noise and how to minimize it by stabilizing the incoming/outgoing waves. This introductory text of frequency stability offers discussion of the noise from the practical and theoretical points of view, proceeding with investigation of frequency and time fluctuations in resonators, and continue with stability of both of standard and practical microwave oscillators. Finally, the author discusses noise properties of building circuit blocks introducing a chapter on time domain properties and their relations with noise spectral densities. A special chapter is dedicated to the design and properties of the Phase Locked Loops. They are very important for frequency synthesizers which influence every day communications of millions and millions of people"--$cProvided by publisher. 410 0$aIEEE Press series on digital and mobile communication ;$v15 606 $aOscillators, Electric$xDesign and construction 606 $aFrequency stability 615 0$aOscillators, Electric$xDesign and construction. 615 0$aFrequency stability. 676 $a621.381/323 676 $a621.381323 676 $a621.384 686 $aTEC008060$2bisacsh 700 $aKroupa$b Ve?nceslav F.$f1923-$0845532 801 0$bCaBNVSL 801 1$bCaBNVSL 801 2$bCaBNVSL 906 $aBOOK 912 $a9910829970903321 996 $aFrequency stability$91887705 997 $aUNINA